000 00620nam a2200229Ia 4500
003 OSt
005 20221006163832.0
006 a|||||r|||| 00| 0
007 ta
008 221006b |||||||| |||| 00| 0 eng d
024 _a482
037 _cTextual
040 _aFML
_cFML
_beng
041 _2eng
_aeng
082 _aO31, 1M82x, 15K3
100 _aDeshikan S N Srirama Au.
_9675945
245 0 _aBharatiyais Kork In Sanskrit
260 _aChannei
_bAuthor
_c1963
300 _aV.P.
_ccm.
942 _hO31, 1M82x, 15K3
_cTEXL
_2CC
999 _c1115446
_d1115446